[Event "Norway Chess Open GM 2024"]
[Site "Stavanger NOR"]
[Date "2024.05.26"]
[Round "5.13"]
[White "Stanojevic, Ilija"]
[Black "Martin, Nils"]
[Result "1-0"]
[WhiteTitle "CM"]
[WhiteElo "2317"]
[BlackElo "2057"]
[WhiteFideId "959995"]
[BlackFideId "45160473"]
[EventDate "2024.05.24"]

1. d4 d5 2. c4 c6 3. Nc3 Nf6 4. e3 e6 5. Nf3 Nbd7 6. Be2 dxc4 7. a4 Nb6 8. O-O
c5 9. a5 Nbd5 10. Bxc4 Nxc3 11. bxc3 Qc7 12. Qe2 Be7 13. e4 Bd7 14. Bg5 cxd4 15.
cxd4 Nxe4 16. Bxe7 Kxe7 17. Rac1 Nd6 18. Bxe6 Qxa5 19. Bxd7+ Kxd7 20. Ne5+ Kd8
21. Rc6 Rc8 22. Rxd6+ Kc7 23. Rd7+ Kb8 24. Rb1 Rc7 25. Qb2 Kc8 26. Rxc7+ 1-0

[Event "Norway Chess Open GM 2024"]
[Site "Stavanger NOR"]
[Date "2024.05.26"]
[Round "5.14"]
[White "Vasilijevic, Vili"]
[Black "Frederic, Clement"]
[Result "0-1"]
[WhiteElo "1980"]
[BlackElo "2251"]
[WhiteFideId "14547104"]
[BlackFideId "637319"]
[EventDate "2024.05.24"]

1. d4 f5 2. c4 Nf6 3. Nc3 d6 4. Nf3 g6 5. g3 Bg7 6. Bg2 O-O 7. O-O Qe8 8. b4 e5
9. dxe5 dxe5 10. e4 Nc6 11. Be3 fxe4 12. Ng5 Bg4 13. Qb3 Nd4 14. Bxd4 exd4 15.
Nb5 Qe5 16. f4 exf3 17. Nxf3 Qe3+ 18. Kh1 Ne4 19. Rae1 Nf2+ 20. Kg1 Nh3+ 21. Kh1
Nf2+ 22. Kg1 Qxb3 23. axb3 Bxf3 24. Rxf2 Bxg2 25. Rxg2 Rf7 26. Rd2 Rd7 27. Rd3
c6 28. Nc3 Bf8 29. Ne4 Bxb4 30. Nf6+ Kg7 31. Nxd7 Bxe1 32. Nc5 Bb4 33. Ne6+ Kg8
34. Rxd4 Re8 35. Re4 h6 36. c5 a5 37. Ng5 Bxc5+ 38. Kg2 Rxe4 39. Nxe4 Be7 40.
Kf3 Kf7 41. Nd2 b5 42. Ke4 Ke6 43. Nf3 Bf6 44. Kd3 Kd5 45. Ne1 c5 46. Ng2 c4+
47. bxc4+ bxc4+ 48. Kc2 Ke4 0-1

[Event "Norway Chess Open GM 2024"]
[Site "Stavanger NOR"]
[Date "2024.05.26"]
[Round "5.15"]
[White "Dammann, Jorn"]
[Black "Riisem, Oyvind"]
[Result "1/2-1/2"]
[WhiteElo "1953"]
[BlackElo "2203"]
[WhiteFideId "30937124"]
[BlackFideId "1504673"]
[EventDate "2024.05.24"]

1. e4 d5 2. exd5 Qxd5 3. Nf3 Bg4 4. Be2 Nc6 5. d4 O-O-O 6. c4 Qa5+ 7. Bd2 Qf5 8.
Be3 e6 9. O-O Nf6 10. Qb3 Bd6 11. Nc3 Qa5 12. c5 Be7 13. a3 b6 14. Qc2 Bf5 15.
Qb3 bxc5 16. dxc5 Bd3 17. Bxd3 Rxd3 18. Qc4 Rxe3 19. fxe3 Qxc5 20. Qxc5 Bxc5 21.
Rae1 Ng4 22. Nd1 Rd8 23. Re2 Rd3 24. Rfe1 1/2-1/2

[Event "Norway Chess Open GM 2024"]
[Site "Stavanger NOR"]
[Date "2024.05.26"]
[Round "5.16"]
[White "Jeyanth, R"]
[Black "Fiskaaen, Martin Holten"]
[Result "0-1"]
[WhiteElo "1808"]
[BlackElo "2116"]
[WhiteFideId "25618750"]
[BlackFideId "1550233"]
[EventDate "2024.05.24"]

1. d4 Nf6 2. c4 e6 3. Nf3 d5 4. g3 Bb4+ 5. Bd2 Be7 6. Bg2 O-O 7. O-O c6 8. Bf4
Nbd7 9. Qc2 b6 10. Ne5 Nxe5 11. dxe5 Nd7 12. cxd5 cxd5 13. e4 d4 14. Rd1 g5 15.
Bc1 Nxe5 16. Be3 Bc5 17. Qc1 Ba6 18. Bxg5 f6 19. Bh6 Rf7 20. Qf4 Rc8 21. Nc3 Qe8
22. Nd5 exd5 23. exd5 Qd7 24. a3 Be2 25. Rd2 d3 26. b4 Ng6 27. Qe4 Re7 28. bxc5
Rxe4 29. Bxe4 bxc5 30. Rb2 Qg4 31. Bg2 Bf3 32. h3 Qd4 33. Rab1 Bxg2 34. Rb7 d2
35. Bxd2 Qxd2 36. Kxg2 Qxd5+ 37. Kh2 c4 38. Rxa7 c3 39. Rbb7 Qxb7 40. Rxb7 c2 0-1

[Event "Norway Chess Open GM 2024"]
[Site "Stavanger NOR"]
[Date "2024.05.26"]
[Round "5.17"]
[White "Torfoss, Sivert Schanche"]
[Black "Azikri, Gur"]
[Result "1/2-1/2"]
[WhiteElo "2059"]
[BlackElo "1948"]
[WhiteFideId "1542761"]
[BlackFideId "2812738"]
[EventDate "2024.05.24"]

1. d4 Nf6 2. Nf3 g6 3. g3 Bg7 4. Bg2 O-O 5. O-O d6 6. b3 a5 7. Bb2 c6 8. Re1 e5
9. dxe5 Ng4 10. Na3 Be6 11. Nc4 Bxc4 12. bxc4 Nxe5 13. Nxe5 Bxe5 14. Rb1 Qe7 15.
Ba3 Na6 16. Qd2 Rfd8 17. Rb3 a4 18. Rd3 Nc5 19. Bxc5 dxc5 20. Rb1 h5 21. h4 Bd4
22. Qg5 Qxe2 23. Rf3 Rd7 24. c3 Bg7 25. Re3 Qxa2 26. Rbe1 Qxc4 27. Bh3 Rd6 28.
Qe7 Rad8 29. Rf3 Rd1 30. Rxd1 Rxd1+ 31. Kh2 Qd5 32. Bg2 Rd2 33. Qe8+ Bf8 34. Rf6
Qa2 35. c4 Qxc4 36. Be4 Re2 37. Rxg6+ fxg6 38. Qxg6+ Bg7 39. Qe8+ Bf8 40. Qg6+
Bg7 1/2-1/2

[Event "Norway Chess Open GM 2024"]
[Site "Stavanger NOR"]
[Date "2024.05.26"]
[Round "5.18"]
[White "Cornileau, Juliette"]
[Black "Omtvedt, Aleksander"]
[Result "1-0"]
[WhiteTitle "WFM"]
[WhiteElo "1986"]
[BlackElo "1935"]
[WhiteFideId "36083372"]
[BlackFideId "1511076"]
[EventDate "2024.05.24"]

1. e4 e5 2. Nc3 Nf6 3. f4 d5 4. fxe5 Nxe4 5. Nf3 Bf5 6. d3 Nxc3 7. bxc3 c5 8. d4
Nc6 9. Bd3 Bxd3 10. Qxd3 Be7 11. O-O O-O 12. Bf4 Rc8 13. a3 cxd4 14. cxd4 Na5
15. Bd2 Nc4 16. Bb4 Rc6 17. Nd2 Qc7 18. c3 a5 19. Bxe7 Qxe7 20. Nxc4 Rxc4 21.
Qf3 Qd7 22. Rab1 h6 23. Rb6 Rfc8 24. Rd6 Qe7 25. Qxd5 Rxc3 26. e6 Rc1 27. exf7+
Kh8 28. Qe6 Rxf1+ 29. Kxf1 Qf8 30. Qd7 Kh7 31. h3 g6 32. Qe6 Qg7 33. Qxc8 Qxf7+
34. Kg1 1-0

[Event "Norway Chess Open GM 2024"]
[Site "Stavanger NOR"]
[Date "2024.05.26"]
[Round "5.19"]
[White "Klings, Peter"]
[Black "Bech, Havard Eriksen"]
[Result "0-1"]
[WhiteElo "1992"]
[BlackElo "1898"]
[WhiteFideId "4631234"]
[BlackFideId "1564684"]
[EventDate "2024.05.24"]

1. e4 c6 2. d4 d5 3. e5 c5 4. dxc5 e6 5. Nf3 Bxc5 6. Bd3 Nc6 7. O-O f6 8. Qe2
Qc7 9. Bb5 fxe5 10. Nxe5 Nf6 11. Bf4 Bd6 12. Bxc6+ bxc6 13. Nd2 O-O 14. Bg3 a5
15. Rfe1 Ba6 16. Nd3 Rae8 17. Bxd6 Qxd6 18. Qe5 Qe7 19. h3 Qa7 20. Re3 Qb6 21.
Rg3 Bxd3 22. cxd3 Qxf2+ 23. Kxf2 Ng4+ 24. Kg1 Nxe5 25. d4 Nd7 26. Rc3 Rb8 27. b3
Rb6 28. Rac1 Rc8 29. Nf3 c5 30. Kf2 Rbc6 31. Ke2 Kf8 32. Kd3 Ke7 33. Re1 cxd4
34. Rxc6 Rxc6 35. Kxd4 h6 36. h4 Rc2 37. a3 Rxg2 38. b4 Rg4+ 39. Kc3 Rg3 40. Re3
e5 41. Kd2 axb4 42. axb4 Kd6 43. Ra3 Nb6 44. Ra6 Rxf3 45. Rxb6+ Ke7 46. b5 g5
47. h5 e4 48. Rxh6 d4 49. Rg6 Rf2+ 50. Ke1 e3 51. Rxg5 Kd6 52. Rg8 Kc5 53. Rd8
Kc4 54. b6 Rb2 55. h6 d3 56. Kf1 e2+ 57. Kf2 Rb1 58. Re8 d2 59. Rc8+ Kd5 60.
Rd8+ Kc6 0-1

[Event "Norway Chess Open GM 2024"]
[Site "Stavanger NOR"]
[Date "2024.05.26"]
[Round "5.20"]
[White "Lien, Sebastian"]
[Black "Gasland, Lukas Dominik"]
[Result "0-1"]
[WhiteElo "1861"]
[BlackElo "2063"]
[WhiteFideId "1567888"]
[BlackFideId "1557882"]
[EventDate "2024.05.24"]

1. d4 Nf6 2. c4 e6 3. Nf3 c5 4. d5 exd5 5. cxd5 d6 6. Nc3 g6 7. Nd2 Bg7 8. e4
O-O 9. Be2 Re8 10. O-O Na6 11. Qc2 Nc7 12. a4 b6 13. Nc4 Ba6 14. Bd2 b5 15. axb5
Bxb5 16. Nxd6 Qxd6 17. Bxb5 Ng4 18. g3 Nxb5 19. Nxb5 Qb6 20. Nc3 Bd4 21. Na4 Qb5
22. Bc3 Qc4 23. b3 Qb5 24. Bxd4 cxd4 25. Rad1 Ne5 26. f4 Rac8 27. Qb1 Ng4 28.
Rfe1 Ne3 29. Rd2 Qb4 30. Ree2 Rxe4 31. h3 f5 32. Kf2 Nxd5 33. Qd3 Rce8 34. Qc4
Qxc4 35. bxc4 d3 36. Rxe4 fxe4 37. cxd5 e3+ 38. Ke1 exd2+ 39. Kxd2 Re4 40. Nc3
Rb4 41. Kxd3 Kf7 42. Ne4 Ke7 43. g4 a5 44. f5 gxf5 45. gxf5 a4 46. f6+ Kf7 47.
Nd6+ Kxf6 48. Nc4 a3 0-1

[Event "Norway Chess Open GM 2024"]
[Site "Stavanger NOR"]
[Date "2024.05.26"]
[Round "5.21"]
[White "Hestholm, Gustav"]
[Black "Simonsen, David Mindestrommen"]
[Result "1-0"]
[WhiteElo "2041"]
[BlackElo "1942"]
[WhiteFideId "1529153"]
[BlackFideId "1565672"]
[EventDate "2024.05.24"]

1. e4 c5 2. Nf3 d6 3. d4 cxd4 4. Nxd4 Nf6 5. Nc3 a6 6. Be3 e5 7. Nb3 Be6 8. f3
Be7 9. Qd2 h5 10. Nd5 Nxd5 11. exd5 Bf5 12. Be2 a5 13. a4 Nd7 14. O-O Qc7 15. c3
Nb6 16. f4 g6 17. Bb5+ Bd7 18. fxe5 Nc4 19. Bxc4 Qxc4 20. exd6 Bxd6 21. Qd4 Qxd4
22. Bxd4 O-O 23. Bc5 Bxc5+ 24. Nxc5 Bf5 25. Nxb7 Bc2 26. Rf2 1-0

[Event "Norway Chess Open GM 2024"]
[Site "Stavanger NOR"]
[Date "2024.05.26"]
[Round "5.22"]
[White "Lilliehook, Victor"]
[Black "Flatebo, Hallvard Haug"]
[Result "1-0"]
[WhiteElo "1928"]
[BlackElo "1951"]
[WhiteFideId "1752103"]
[BlackFideId "1530720"]
[EventDate "2024.05.24"]

1. e4 c5 2. Nf3 d6 3. d4 cxd4 4. Nxd4 Nf6 5. Nc3 a6 6. h4 e5 7. Nb3 Be6 8. f4
exf4 9. Bxf4 Qc7 10. Qd2 Nbd7 11. O-O-O Ne5 12. Nd4 Be7 13. Be2 h5 14. Bg5 O-O-O
15. Bxf6 Bxf6 16. Nd5 Bxd5 17. exd5 Qb6 18. Rh3 Ng4 19. Rc3+ Kd7 20. Bxg4+ hxg4
21. Qf2 Rh5 22. Rb3 Qa7 23. Qe2 Rxd5 24. Qe4 Qc5 25. Rc3 Qa5 26. Re1 Re5 27.
Qxb7+ Ke8 28. Rd1 Re7 29. Qc6+ Kf8 30. Ra3 Qc5 31. Rc3 Qe5 32. g3 Qe4 33. Qxe4
Rxe4 34. Rcd3 Rde8 35. Nf5 Rb8 36. b3 Re2 37. Rxd6 Rf2 38. Ne3 Rc8 39. R6d2 Rf3
40. Nxg4 Rxg3 41. Nxf6 gxf6 42. Rd6 a5 43. Rxf6 a4 44. Rdf1 Rc7 45. R6f3 Rg2 46.
R1f2 Rg4 47. Rf4 Rg1+ 48. Kb2 axb3 49. axb3 Ra7 50. h5 Rg5 51. Rf5 Rg1 52. Rf6
Rh1 53. h6 Ke8 54. Rg2 Ke7 55. Rxf7+ Kxf7 56. Rg7+ Ke8 57. Rxa7 Rxh6 58. Rc7 1-0

[Event "Norway Chess Open GM 2024"]
[Site "Stavanger NOR"]
[Date "2024.05.26"]
[Round "5.23"]
[White "Derlich, Sarah Sima"]
[Black "Mesar, Antun"]
[Result "1-0"]
[WhiteElo "1945"]
[BlackElo "1890"]
[WhiteFideId "1469290"]
[BlackFideId "14532620"]
[EventDate "2024.05.24"]

1. e4 c5 2. Nf3 e6 3. c3 d5 4. exd5 exd5 5. d4 Nf6 6. Be2 Be7 7. O-O O-O 8. Bg5
b6 9. Nbd2 Nc6 10. dxc5 bxc5 11. Nb3 Rb8 12. Bxf6 Bxf6 13. Qd2 d4 14. cxd4 Nxd4
15. Nfxd4 cxd4 16. Rac1 Re8 17. Rfd1 Be6 18. Bc4 Bxc4 19. Rxc4 Qd5 20. Ra4 d3
21. Kf1 Re2 22. Qxd3 Qxd3 23. Rxd3 Rbe8 24. g3 Rxb2 25. Rxa7 h6 26. Rd2 Rb1+ 27.
Kg2 h5 28. Rdd7 Rb2 29. Rd2 Rb1 30. Nc5 Bc3 31. Rdd7 Re2 32. a4 Rbb2 33. Nd3 Ra2
34. Ra8+ Kh7 35. Rxf7 Re4 36. Rff8 Rexa4 37. Rh8+ Kg6 38. Nf4+ Rxf4 39. Rxa2 Rf5
40. Ra6+ Bf6 41. h3 Rb5 42. g4 hxg4 43. hxg4 Rb4 44. Kg3 Kf7 45. Rc8 Be5+ 46.
Kh3 g5 47. Rc5 Bf4 48. Rf5+ Kg7 49. Raa5 Kg6 50. Rfb5 Rxb5 51. Rxb5 Kf6 52. Kg2
Ke6 53. Kf3 Bc1 54. Ke4 Kf6 55. Rb6+ Kg7 56. Kf5 Kh7 57. Rg6 Bd2 58. Rxg5 1-0

[Event "Norway Chess Open GM 2024"]
[Site "Stavanger NOR"]
[Date "2024.05.26"]
[Round "5.24"]
[White "Damiano, Sophie"]
[Black "Bezo, Stefan"]
[Result "0-1"]
[WhiteElo "1723"]
[BlackElo "2065"]
[WhiteFideId "1566334"]
[BlackFideId "14907682"]
[EventDate "2024.05.24"]

1. e4 e5 2. Nf3 Nc6 3. Bc4 Bc5 4. d3 Nf6 5. Nc3 h6 6. Be3 Bxe3 7. fxe3 d6 8. d4
O-O 9. Qe2 a6 10. a3 Bg4 11. O-O-O Qe7 12. h3 Bh5 13. d5 Nb8 14. g4 Bg6 15. Bd3
Nbd7 16. Nh4 Bh7 17. Nf5 Bxf5 18. exf5 e4 19. Bc4 Ne5 20. Qf1 b5 21. Be2 b4 22.
axb4 Rfb8 23. Na2 a5 24. b5 a4 25. Qg2 a3 26. b3 Nf3 27. Bxf3 exf3 28. Qxf3 Qe5
29. Rd4 Rxb5 30. h4 Re8 31. Rh3 Rxd5 32. c3 Rb5 33. g5 Ne4 34. gxh6 c5 35. Rd3
Rxb3 36. Qd1 Reb8 37. c4 Qb2# 0-1

[Event "Norway Chess Open GM 2024"]
[Site "Stavanger NOR"]
[Date "2024.05.26"]
[Round "5.25"]
[White "Haugen, Lars Tormod"]
[Black "McCartney, Steven"]
[Result "0-1"]
[WhiteElo "1961"]
[BlackElo "1802"]
[WhiteFideId "1559966"]
[BlackFideId "2642212"]
[EventDate "2024.05.24"]

1. c4 Nf6 2. Nc3 g6 3. g3 Bg7 4. Bg2 O-O 5. e4 d6 6. Nge2 e5 7. O-O Nc6 8. d3
Be6 9. Nd5 Qd7 10. Bg5 Bxd5 11. cxd5 Ne7 12. Qd2 h5 13. h3 Nh7 14. Be3 f5 15.
Rac1 a6 16. Rc2 Rac8 17. Rfc1 b6 18. b3 Kh8 19. a4 Nf6 20. a5 b5 21. Bg5 fxe4
22. dxe4 Rf7 23. Nc3 Rcf8 24. Na2 Ne8 25. Be3 Kh7 26. Nb4 Qc8 27. Kh2 g5 28.
Bxg5 Rxf2 29. Qd1 R2f7 30. Qxh5+ Kg8 31. Qe2 Ng6 32. Qe3 Bf6 33. Bh6 Bg7 34. Bg5
Bf6 35. Bh6 Bg7 36. Bxg7 Kxg7 37. h4 Nf6 38. Bh3 Ng4+ 39. Bxg4 Qxg4 40. Rxc7 Kg8
41. Rxf7 Rxf7 42. Rg1 Kh7 43. Nxa6 Rf3 44. Qg5 Rf2+ 45. Rg2 Rxg2+ 46. Kxg2 Nf4+
47. Qxf4 exf4 0-1

[Event "Norway Chess Open GM 2024"]
[Site "Stavanger NOR"]
[Date "2024.05.26"]
[Round "5.26"]
[White "Skytte, Robert"]
[Black "Louis, Luca Hojin"]
[Result "1-0"]
[WhiteElo "1918"]
[BlackElo "1758"]
[WhiteFideId "1471775"]
[BlackFideId "343405541"]
[EventDate "2024.05.24"]

1. e4 c5 2. Nf3 e6 3. c3 Nf6 4. e5 Nd5 5. d4 cxd4 6. cxd4 Nc6 7. Bc4 Nb6 8. Bd3
d6 9. O-O dxe5 10. dxe5 Be7 11. Nc3 Nd5 12. Ne4 Qc7 13. Bb5 Bd7 14. Bxc6 Bxc6
15. Bg5 Rd8 16. Bxe7 Nxe7 17. Nd6+ Kf8 18. Ng5 Rd7 19. Ngxf7 Rg8 20. Ng5 1-0

[Event "Norway Chess Open GM 2024"]
[Site "Stavanger NOR"]
[Date "2024.05.26"]
[Round "5.27"]
[White "Bekmukhanov, Sauran"]
[Black "Meyer, Stefan"]
[Result "1-0"]
[WhiteElo "1844"]
[BlackElo "1866"]
[WhiteFideId "1472844"]
[BlackFideId "12948217"]
[EventDate "2024.05.24"]

1. e4 Nf6 2. e5 Nd5 3. d4 d6 4. Nf3 dxe5 5. Nxe5 g6 6. Bc4 c6 7. Nc3 Bg7 8. Qf3
Be6 9. Nxd5 Bxd5 10. Bxd5 Qxd5 11. Qxd5 cxd5 12. Bf4 Nd7 13. O-O-O Rc8 14. Rhe1
Nxe5 15. dxe5 e6 16. Rd3 h5 17. Rb3 Rc7 18. Ree3 O-O 19. Rec3 Rfc8 20. Rxb7 Rxc3
21. bxc3 Rc4 22. g3 Ra4 23. Kb2 g5 24. Bxg5 Bxe5 25. Bd2 h4 26. Kb3 Ra6 27. f4
hxg3 28. hxg3 Bd6 29. Be3 e5 30. fxe5 Bxe5 31. g4 Rg6 32. g5 a6 33. Re7 Bg7 34.
Rd7 Rc6 35. Bd4 Bxd4 36. cxd4 Rb6+ 37. Kc3 Rb5 38. a4 1-0

[Event "Norway Chess Open GM 2024"]
[Site "Stavanger NOR"]
[Date "2024.05.26"]
[Round "5.28"]
[White "Cornileau, Raphael"]
[Black "Elsness, Fredrik Valstad"]
[Result "1/2-1/2"]
[WhiteElo "1784"]
[BlackElo "1861"]
[WhiteFideId "45105790"]
[BlackFideId "1567829"]
[EventDate "2024.05.24"]

1. e4 c6 2. d4 d5 3. Nd2 dxe4 4. Nxe4 Nf6 5. Nxf6+ exf6 6. c3 Bd6 7. Bd3 O-O 8.
Ne2 Re8 9. O-O Nd7 10. Ng3 Nf8 11. f4 Qc7 12. f5 Bxg3 13. hxg3 Qxg3 14. Bf4 Qh4
15. Rf2 h5 16. Qb3 Qg4 17. Bd6 h4 18. Bc4 Qh5 19. Raf1 Nh7 20. Qc2 Ng5 21. Be2
Qh7 22. Bd3 Re3 23. Bf4 Rg3 24. Kh2 Rxd3 25. Qxd3 Bxf5 26. Qe3 Ne4 27. Re2 Re8
28. Ree1 g5 29. Bc7 g4 30. Qf4 g3+ 31. Kg1 h3 32. Rxe4 Rxe4 33. Qf3 Qg6 34. Bxg3
Rg4 35. Qxf5 Qxf5 36. Rxf5 Rxg3 37. Rf2 Kf8 38. Kh2 Rxg2+ 39. Rxg2 hxg2 40. Kxg2
b5 41. b3 a5 42. c4 a4 43. Kf3 axb3 44. axb3 bxc4 45. bxc4 Ke7 46. Kf4 Ke6 47.
Ke4 f5+ 48. Ke3 Ke7 49. Kf3 Ke6 50. Kg3 Ke7 51. Kh4 Kf6 52. Kh5 Ke7 53. Kg5 Ke6
54. Kf4 1/2-1/2

[Event "Norway Chess Open GM 2024"]
[Site "Stavanger NOR"]
[Date "2024.05.26"]
[Round "5.29"]
[White "Mihaila, Radu Stefan"]
[Black "Rynkjob, Bastian"]
[Result "1/2-1/2"]
[WhiteElo "1835"]
[BlackElo "1797"]
[WhiteFideId "2852638"]
[BlackFideId "1473557"]
[EventDate "2024.05.24"]

1. e4 c5 2. Nf3 Nc6 3. d4 cxd4 4. Nxd4 Nf6 5. Nc3 e5 6. Ndb5 d6 7. Bg5 a6 8. Na3
b5 9. Nd5 Be7 10. Bxf6 Bxf6 11. c4 b4 12. Nc2 a5 13. Be2 O-O 14. O-O Bg5 15. Bg4
Ne7 16. Bxc8 Rxc8 17. b3 Nxd5 18. Qxd5 Rc5 19. Qd3 Qf6 20. Ne3 Bxe3 21. Qxe3 Re8
22. Rad1 Re6 23. Rd3 Kf8 24. Rfd1 Ke7 25. Rd5 Qf4 26. Rxd6 Qxe3 27. Rxe6+ Kxe6
28. fxe3 Rc6 29. Rd5 Ra6 30. Kf2 f6 31. Rb5 g5 32. g4 h6 33. Ke2 Kd6 34. Kd3 Kc6
35. Rd5 Ra8 36. Kc2 a4 37. Kb2 a3+ 38. Kc2 Rb8 39. Ra5 Rb7 40. Ra6+ Rb6 41. Ra8
Rb7 42. Rh8 Rf7 43. Rxh6 Kd6 44. Rh8 Kc5 45. Kd3 Rd7+ 46. Ke2 Rf7 47. h3 Kc6 48.
Kd3 Rd7+ 49. Ke2 Rf7 50. Rc8+ Kb7 51. Rh8 Kc6 1/2-1/2

[Event "Norway Chess Open GM 2024"]
[Site "Stavanger NOR"]
[Date "2024.05.26"]
[Round "5.30"]
[White "Mesar, Darko"]
[Black "Oz, Sinan"]
[Result "1-0"]
[WhiteElo "1894"]
[BlackElo "1794"]
[WhiteFideId "14531038"]
[BlackFideId "1471090"]
[EventDate "2024.05.24"]

1. e4 c5 2. Nf3 g6 3. d4 cxd4 4. Nxd4 Nc6 5. Be3 Nf6 6. Nc3 Bg7 7. f3 O-O 8. Qd2
d5 9. Nxc6 bxc6 10. O-O-O Qc7 11. Bh6 Bxh6 12. Qxh6 dxe4 13. fxe4 Be6 14. Bd3
Qa5 15. h4 Ng4 16. Qf4 h5 17. Be2 Rab8 18. Rh3 Qb4 19. b3 Nf2 20. Rg3 Nxd1 21.
Bxd1 Bg4 22. Bxg4 hxg4 23. Qxg4 Qd4 24. h5 Kg7 25. hxg6 f6 26. Qh3 Rh8 27. Qe6
Qe5 28. Qf7+ Kh6 29. Rh3+ Kg5 30. g7 Rxh3 31. g8=Q+ Rxg8 32. Qxg8+ Kf4 33. gxh3
Qxc3 34. Qg4+ Ke5 35. Qf5+ Kd4 36. Qd7+ Ke3 37. Qxa7+ c5 38. Kb1 Qe5 39. Qb7 e6
40. Qc6 f5 41. exf5 exf5 42. Qh1 f4 43. Qe1+ Kd4 44. Qxe5+ Kxe5 45. Kc1 Ke4 46.
Kd2 Kf3 47. a4 Kg2 48. a5 f3 49. a6 f2 50. a7 f1=Q 51. a8=Q+ Kh2 52. Qb8+ Kg1
53. Qg3+ Kh1 54. Qe1 1-0

[Event "Norway Chess Open GM 2024"]
[Site "Stavanger NOR"]
[Date "2024.05.27"]
[Round "6.1"]
[White "Mitrabha, Guha"]
[Black "Kvaloy, Aksel Bu"]
[Result "1/2-1/2"]
[WhiteTitle "GM"]
[BlackTitle "IM"]
[WhiteElo "2540"]
[BlackElo "2454"]
[WhiteFideId "5057000"]
[BlackFideId "1528815"]
[EventDate "2024.05.24"]

1. Nf3 d5 2. g3 c6 3. Bg2 Nf6 4. O-O Bg4 5. d4 e6 6. Nbd2 Be7 7. Re1 O-O 8. h3
Bh5 9. e4 h6 10. c3 Bg6 11. Ne5 Bxe4 12. Nxe4 Nxe4 13. Bxe4 dxe4 14. Rxe4 Nd7
15. Nf3 Nf6 16. Re1 c5 17. Be3 Nd5 18. dxc5 Nxe3 19. Rxe3 Bxc5 20. Rd3 Qb6 21.
Qe2 Rad8 22. Rad1 Rxd3 23. Rxd3 Rd8 24. Ne5 Rxd3 25. Nxd3 Qc6 26. Qe5 Bd6 27.
Qd4 a6 28. a3 b5 29. Nb4 Bxb4 30. axb4 Qf3 31. Qd6 Kh7 32. Qxa6 Qd1+ 33. Kg2
Qd5+ 34. Kh2 Qd2 35. Qa7 Qxb2 36. Qe3 Qc2 37. Kg2 Kg8 38. Qf3 g6 39. Qe3 h5 40.
h4 Qd1 41. Qe4 Qd2 42. Qc6 Qd3 43. Qb7 Kg7 44. Qf3 Qc4 45. Kg1 Kg8 46. Qe3 Kg7
47. Qd2 Kg8 48. Kg2 Qe4+ 49. f3 Qc4 50. Kf2 Kf8 51. Ke3 Ke7 52. Qd4 Qf1 53. Qc5+
Kf6 54. Qd4+ Ke7 55. Qc5+ Kf6 1/2-1/2

[Event "Norway Chess Open GM 2024"]
[Site "Stavanger NOR"]
[Date "2024.05.27"]
[Round "6.2"]
[White "Druska, Juraj"]
[Black "Bazakutsa, Svyatoslav"]
[Result "1/2-1/2"]
[WhiteTitle "IM"]
[BlackTitle "IM"]
[WhiteElo "2466"]
[BlackElo "2472"]
[WhiteFideId "14915650"]
[BlackFideId "14198525"]
[EventDate "2024.05.24"]

1. d4 Nf6 2. c4 g6 3. Nc3 Bg7 4. e4 d6 5. h3 O-O 6. Be3 Nbd7 7. Bd3 e5 8. d5 Nc5
9. Bc2 a5 10. Nge2 c6 11. dxc6 bxc6 12. Qd2 Ra7 13. O-O Rd7 14. Rad1 Qe7 15. Qc1
Ba6 16. b3 d5 17. exd5 cxd5 18. cxd5 Rc8 19. Qa3 Nb7 20. Qxe7 Rxe7 21. Bd3 Bxd3
22. Rxd3 Nc5 23. Rdd1 Rd7 24. f3 e4 25. Bxc5 exf3 26. Rxf3 Rxc5 27. Rxf6 Bxf6
28. Ne4 Be7 29. Nxc5 Bxc5+ 30. Kf1 Bb4 31. Kf2 Kf8 32. Ke3 Re7+ 33. Kf3 Re5 34.
g4 h5 35. Ng3 hxg4+ 36. hxg4 Ke7 37. Ne4 f5 38. gxf5 gxf5 39. d6+ Ke6 40. d7
fxe4+ 41. Kf4 Rf5+ 42. Kxe4 Re5+ 43. Kf4 Rf5+ 44. Kg4 Be7 45. d8=Q Rg5+ 46. Kh4
Bxd8 47. Rxd8 Rg2 48. a4 Rb2 49. Rb8 Kd5 50. Rb5+ Kd4 51. Kg4 Kc3 52. Rxa5 Rxb3
53. Ra8 Ra3 54. a5 Kb4 55. a6 Kb5 56. Kf5 Rxa6 57. Rxa6 Kxa6 1/2-1/2

[Event "Norway Chess Open GM 2024"]
[Site "Stavanger NOR"]
[Date "2024.05.27"]
[Round "6.3"]
[White "Balakrishnan, Praveen"]
[Black "Amar, Elham"]
[Result "1/2-1/2"]
[WhiteTitle "GM"]
[BlackTitle "GM"]
[WhiteElo "2510"]
[BlackElo "2552"]
[WhiteFideId "2064871"]
[BlackFideId "1533533"]
[EventDate "2024.05.24"]

1. d4 Nf6 2. c4 e6 3. Nf3 d5 4. Nc3 Nbd7 5. Bf4 dxc4 6. e3 Bd6 7. Bg3 Bxg3 8.
hxg3 O-O 9. Bxc4 c5 10. Qc2 cxd4 11. Nxd4 Nb6 12. Be2 e5 13. Ndb5 h6 14. O-O Be6
15. Rfd1 Qe7 16. Bf3 Rfc8 17. Nd6 Rc7 18. Ndb5 Rcc8 19. Nd6 Rc7 20. Ndb5 Rcc8 1/2-1/2

[Event "Norway Chess Open GM 2024"]
[Site "Stavanger NOR"]
[Date "2024.05.27"]
[Round "6.4"]
[White "Papp, Gabor1"]
[Black "Elsness, Frode"]
[Result "1-0"]
[WhiteTitle "GM"]
[BlackTitle "IM"]
[WhiteElo "2553"]
[BlackElo "2425"]
[WhiteFideId "718602"]
[BlackFideId "1501100"]
[EventDate "2024.05.24"]

1. e4 c6 2. d4 d5 3. e5 Bf5 4. h4 h5 5. c4 e6 6. Nc3 Bb4 7. cxd5 Qxd5 8. Ne2 Ne7
9. a3 Bxc3+ 10. Nxc3 Qd8 11. Bg5 Nd7 12. Be2 Bg6 13. Bf3 Nb6 14. Be4 Bxe4 15.
Nxe4 Nbc8 16. O-O Qd5 17. Ng3 Nf5 18. Nxh5 Nce7 19. Qg4 Qxd4 20. Nxg7+ 1-0

[Event "Norway Chess Open GM 2024"]
[Site "Stavanger NOR"]
[Date "2024.05.27"]
[Round "6.5"]
[White "Lovik, Lasse Ostebo"]
[Black "Blomqvist, Erik"]
[Result "0-1"]
[WhiteTitle "IM"]
[BlackTitle "GM"]
[WhiteElo "2367"]
[BlackElo "2527"]
[WhiteFideId "1505033"]
[BlackFideId "1709437"]
[EventDate "2024.05.24"]

1. e4 e5 2. Nf3 Nc6 3. Bc4 Nf6 4. Ng5 d5 5. exd5 Na5 6. Bb5+ c6 7. dxc6 bxc6 8.
Bd3 Nd5 9. h4 h6 10. Ne4 f5 11. Qh5+ Ke7 12. Nc5 Kf6 13. b4 Bxc5 14. bxc5 Nf4
15. Qf3 Nxd3+ 16. cxd3 Qd4 17. Nc3 Ba6 18. Rh3 g5 19. hxg5+ hxg5 20. Ne4+ Kg6
21. g4 f4 22. Rb1 Bxd3 23. Rb4 Qxb4 24. Qxd3 Rad8 25. Nd6+ e4 26. Qa3 Qxa3 27.
Rxa3 Nc4 28. Kd1 Rh1+ 29. Kc2 Rxc1+ 0-1